|
|
|
|
| LEADER |
00812nam a2200217Ia 4500 |
| 008 |
240830s9999 xx 000 0 und d |
| 040 |
|
|
|a B-ESTELÍ- RUACS / 323 T926
|
| 041 |
|
|
|a spa
|
| 082 |
|
|
|a 323 T926
|
| 100 |
1 |
|
|a Tunnermann Bernheim, Carlos
|
| 245 |
1 |
0 |
|a Seguridad, genero, derechos humanos y estado de derecho.
|
| 260 |
|
|
|a Nicaragua
|b UPOLI
|c 2002
|
| 300 |
|
|
|a 178p.
|
| 650 |
7 |
|
|a SEGURIDAD, GENERO, DERECHOS HUMANOS Y ESTADO DE DERECHO
|
| 650 |
7 |
|
|b EVOLUCION HISTORICA DE LOS DERECHOS HUMANOS
|
| 650 |
7 |
|
|c EL DESARROLLO INTERNACIONAL DE LOS DERECHOS HUMANOS
|
| 650 |
7 |
|
|d LA SEGURIDAD REGIONAL CENTROAMERICANA:ENTRE EL IMAGINARIO DE LA PAZ Y LA REALIDAD DEL 11 DE SEPTIEMBRE
|
| 650 |
7 |
|
|e EL ESTADO DE DERECHO Y LOS DERECHOS HUMANOS EN NICARAGUA.
|
| 942 |
|
|
|c BK
|2 ddc
|
| 991 |
|
|
|a TEXTO
|
| 999 |
|
|
|c 10700
|